00420nam a2200169 a 450000100060000000300090000600800410001502000150005604000280007108200080009910000180010724500240012526000300014930000070017950000320018665000320021821471CO-ViMGA141112s2004 ck r 000 u spa d a9709705008 aCO-ViMGAbspacCO-ViMGA04aCOU1 aCousins, Lucy10aA la cama con Maisy aMexico : bSerres, c2005 a11 aPara niños de 4 años. 14aCUENTOS INFANTILES INGLESES